[Event "HUN-chT2 Breyer 1314"]
[Site "Hungary"]
[Date "2014.03.23"]
[Round "7"]
[White "Pram, Imre"]
[Black "Sopow, Tamas"]
[Result "1-0"]
[WhiteElo "2032"]
[BlackElo "1787"]
[PlyCount "79"]
[EventDate "2013.09.08"]
[EventType "team-tourn"]
[EventRounds "9"]
[EventCountry "HUN"]
[SourceTitle "EXT 2016"]
[Source "ChessBase"]
[SourceDate "2015.10.08"]
[SourceVersion "1"]
[SourceVersionDate "2015.10.08"]
[SourceQuality "1"]
[WhiteTeam "Gyor Komszomol"]
[BlackTeam "Tatabanya Turul"]
[WhiteTeamCountry "HUN"]
[BlackTeamCountry "HUN"]

1. e4 d5 2. exd5 Qxd5 3. Nf3 Nf6 4. Nc3 Qa5 5. Be2 Bg4 6. d4 e6 7. Bd2 Bb4 8. a3 Bxc3 9. Bxc3 Qb6 10. 0-0 Nbd7 11. Ne5 Nxe5 12. dxe5 Rd8 13. Qe1 Bxe2 14. exf6 Bxf1 15. fxg7 Rg8 16. Qxf1 Rd5 17. Qc4 Qd6 18. h3 Rg5 19. Qe2 Qd5 20. f3 Qb5 21. Qe4 Qc5+ 22. Kh1 Qf2 23. Rg1 R8xg7 24. Bxg7 Rxg7 25. Qe5 Rg6 26. Qxc7 Kf8 27. b4 b5 28. Qb8+ Kg7 29. Qxb5 Qxc2 30. Qe5+ Kh6 31. Qe3+ Kg7 32. Qxa7 e5 33. Qe3 Qb2 34. Qd3 h5 35. b5 h4 36. a4 Qb4 37. Qe4 Qb2 38. Qxh4 f5 39. Qc4 Qd2 40. b6 1-0

[Event "HUN-chT2 Breyer 1112"]
[Site "Hungary"]
[Date "2011.09.26"]
[Round "1.7"]
[White "Vagvolgyi, Istvan"]
[Black "Pram, Imre"]
[Result "1-0"]
[WhiteElo "1937"]
[BlackElo "2050"]
[PlyCount "63"]
[EventDate "2011.09.25"]
[EventType "team-tourn"]
[EventRounds "11"]
[EventCountry "HUN"]
[SourceTitle "EXT 2013"]
[Source "ChessBase"]
[SourceDate "2012.11.22"]
[SourceVersion "1"]
[SourceVersionDate "2012.11.22"]
[SourceQuality "1"]
[WhiteTeam "Zoltek"]
[BlackTeam "Gyor Komszomol"]
[WhiteTeamCountry "HUN"]
[BlackTeamCountry "HUN"]

1. e4 c5 2. Nf3 e6 3. Nc3 a6 4. d4 cxd4 5. Nxd4 Qc7 6. Bd3 b5 7. 0-0 Bb7 8. Be3 Nc6 9. Nxc6 dxc6 10. f4 Nf6 11. e5 Nd5 12. Nxd5 cxd5 13. Qe2 g6 14. c3 Bc5 15. Bxb5+ Kf8 16. Bd3 h5 17. Qf2 Bxe3 18. Qxe3 h4 19. h3 Rc8 20. Rac1 Kg7 21. Qd4 Qc6 22. Rc2 Rb8 23. Rcf2 Rbg8 24. f5 gxf5 25. Bxf5 Rh6 26. Bd3 f5 27. exf6+ Kf7 28. Qb4 Re8 29. Qf4 Rhh8 30. Bc2 Reg8 31. Qb4 Re8 32. Ba4 1-0

[Event "HUN-chT2 Breyer 1011"]
[Site "Hungary"]
[Date "2011.05.15"]
[Round "11.6"]
[White "Pram, Imre"]
[Black "Banhazi, Istvan"]
[Result "1-0"]
[WhiteElo "2071"]
[BlackElo "2102"]
[PlyCount "71"]
[EventDate "2010.09.12"]
[EventType "team-tourn"]
[EventRounds "11"]
[EventCountry "HUN"]
[SourceTitle "EXT 2012"]
[Source "ChessBase"]
[SourceDate "2011.11.24"]
[SourceVersion "1"]
[SourceVersionDate "2011.11.24"]
[SourceQuality "1"]
[WhiteTeam "Gyor Komszomol"]
[BlackTeam "MAFC"]
[WhiteTeamCountry "HUN"]
[BlackTeamCountry "HUN"]

1. e4 c5 2. Nf3 d6 3. d4 cxd4 4. Qxd4 Bd7 5. Be3 Nc6 6. Qd2 Nf6 7. Nc3 Ng4 8. Bg5 Rc8 9. Be2 h6 10. Bf4 g5 11. Bg3 Bg7 12. 0-0 Qb6 13. Nd5 Qa5 14. c3 Nce5 15. Rad1 Qd8 16. Nxe5 Nxe5 17. f4 Nc4 18. Bxc4 Rxc4 19. Qe2 Ra4 20. b3 Ra5 21. b4 Ra6 22. fxg5 hxg5 23. c4 Ra3 24. e5 Rxg3 25. exd6 Rg4 26. Nxe7 Be6 27. Nf5 Qb6+ 28. c5 Qxb4 29. Nxg7+ Kd7 30. Nxe6 fxe6 31. Rf7+ Kd8 32. Qe5 Rxg2+ 33. Kxg2 Qg4+ 34. Qg3 Qxd1 35. Qxg5+ Kc8 36. d7+ 1-0

[Event "HUN-chT2 Breyer 0910"]
[Site "Hungary"]
[Date "2009.12.20"]
[Round "4"]
[White "Pram, Imre"]
[Black "Vagvolgyi, Istvan"]
[Result "1-0"]
[WhiteElo "2081"]
[BlackElo "1992"]
[PlyCount "87"]
[EventDate "2009.11.08"]
[EventType "team-tourn"]
[EventRounds "11"]
[EventCountry "HUN"]
[SourceTitle "EXT 2011"]
[Source "ChessBase"]
[SourceDate "2010.11.26"]
[SourceVersion "1"]
[SourceVersionDate "2010.11.26"]
[SourceQuality "1"]
[WhiteTeam "Gyor Komszomol"]
[BlackTeam "Zoltek"]
[WhiteTeamCountry "HUN"]
[BlackTeamCountry "HUN"]

1. e4 e5 2. d4 exd4 3. Qxd4 Nc6 4. Qe3 Nf6 5. Nc3 Bb4 6. Bd2 0-0 7. 0-0-0 Re8 8. Qg3 Bd6 9. f4 Nxe4 10. Nxe4 Rxe4 11. Bd3 Re8 12. Bc3 Bf8 13. Nf3 d5 14. Ng5 f5 15. Rhe1 Ne7 16. Qf2 Ng6 17. g4 Bd6 18. Bd2 Rf8 19. Ne6 Bxe6 20. Rxe6 Qh4 21. Qd4 Qxg4 22. Rg1 Qh4 23. Qxd5 Kh8 24. Qg2 Bxf4 25. Bxf4 Qxf4+ 26. Kb1 Qd4 27. Rxg6 hxg6 28. Qxg6 Qf6 29. Qh5+ Qh6 30. Qf3 Rae8 31. a3 Re3 32. Qxb7 Rxd3 33. cxd3 f4 34. Qf3 Re8 35. Rf1 g5 36. h4 g4 37. Qxg4 Rf8 38. h5 Qd6 39. Rf3 Qd4 40. h6 Rg8 41. Qxf4 Rg1+ 42. Ka2 Qd5+ 43. b3 Rg2+ 44. Rf2 1-0

[Event "HUN-chT2 Breyer 0910"]
[Site "Hungary"]
[Date "2009.11.22"]
[Round "2"]
[White "Pram, Imre"]
[Black "Dolnik, Attila"]
[Result "0-1"]
[WhiteElo "2081"]
[BlackElo "2171"]
[PlyCount "70"]
[EventDate "2009.11.08"]
[EventType "team-tourn"]
[EventRounds "11"]
[EventCountry "HUN"]
[SourceTitle "EXT 2011"]
[Source "ChessBase"]
[SourceDate "2010.11.26"]
[SourceVersion "1"]
[SourceVersionDate "2010.11.26"]
[SourceQuality "1"]
[WhiteTeam "Gyor Komszomol"]
[BlackTeam "Kisber Aszar"]
[WhiteTeamCountry "HUN"]
[BlackTeamCountry "HUN"]

1. e4 d6 2. d4 g6 3. Nc3 Bg7 4. Be3 Nf6 5. f3 c6 6. Qd2 b5 7. g4 Qa5 8. Bd3 Nbd7 9. h4 Nb6 10. h5 gxh5 11. gxh5 h6 12. Nce2 b4 13. c3 bxc3 14. Nxc3 Be6 15. Nge2 0-0-0 16. a3 Nc4 17. Bxc4 Bxc4 18. Ng3 Be6 19. b4 Qa6 20. Kf2 d5 21. e5 Nd7 22. a4 Nb6 23. b5 Qa5 24. bxc6 Nc4 25. Qc2 Bxe5 26. f4 Nxe3 27. Kxe3 Bxd4+ 28. Kxd4 Qb6+ 29. Kd3 Rhg8 30. Nce2 Rxg3+ 31. Nxg3 Rg8 32. Ne2 Bf5+ 33. Kd2 Bxc2 34. Kxc2 Rg2 35. Rhe1 Qe3 0-1

[Event "HUN-chT2 Breyer 0910"]
[Site "Hungary"]
[Date "2009.11.08"]
[Round "1"]
[White "Sallai, Mate"]
[Black "Pram, Imre"]
[Result "1/2-1/2"]
[WhiteElo "1993"]
[BlackElo "2081"]
[PlyCount "87"]
[EventDate "2009.11.08"]
[EventType "team-tourn"]
[EventRounds "11"]
[EventCountry "HUN"]
[SourceTitle "EXT 2011"]
[Source "ChessBase"]
[SourceDate "2010.11.26"]
[SourceVersion "1"]
[SourceVersionDate "2010.11.26"]
[SourceQuality "1"]
[WhiteTeam "Torokbalint"]
[BlackTeam "Gyor Komszomol"]
[WhiteTeamCountry "HUN"]
[BlackTeamCountry "HUN"]

1. d4 Nf6 2. Nf3 g6 3. g3 Bg7 4. Bg2 0-0 5. 0-0 d6 6. c4 Nbd7 7. Nc3 e5 8. e3 a6 9. Qe2 Rb8 10. dxe5 dxe5 11. Rd1 Qe7 12. e4 c6 13. h3 Re8 14. Be3 Nc5 15. Nxe5 Nfxe4 16. Nxe4 Nxe4 17. Nd3 Nxg3 18. Qf3 Nf5 19. Bc5 Qg5 20. Re1 Be6 21. Rac1 Rbc8 22. b3 b5 23. cxb5 Bd5 24. Qg4 Rxe1+ 25. Rxe1 Qd2 26. Bxd5 cxd5 27. Qf3 axb5 28. Qxd5 Qxa2 29. Qd7 Qa8 30. Qxb5 h5 31. Qc4 Qf3 32. h4 Rd8 33. Be3 Re8 34. Qf4 Qxf4 35. Bxf4 Rxe1+ 36. Nxe1 Nxh4 37. b4 Bd4 38. b5 Nf5 39. Bc7 Ne7 40. b6 Nd5 41. b7 Ba7 42. b8Q+ Bxb8 43. Bxb8 Ne7 44. Kg2 1/2-1/2

[Event "HUN-chT2 Szechenyi 0708"]
[Site "Hungary"]
[Date "2008.03.30"]
[Round "9"]
[White "Pram, Imre"]
[Black "Gadacsi, Miklos Jr"]
[Result "1/2-1/2"]
[WhiteElo "2094"]
[BlackElo "2107"]
[PlyCount "27"]
[EventDate "2007.10.14"]
[EventType "team"]
[EventRounds "11"]
[EventCountry "HUN"]
[SourceTitle "EXT 2009"]
[Source "ChessBase"]
[SourceDate "2008.11.26"]
[SourceVersion "1"]
[SourceVersionDate "2008.11.26"]
[SourceQuality "1"]
[WhiteTeam "Gyor Komszomol"]
[BlackTeam "Tapolca Szeremley"]
[WhiteTeamCountry "HUN"]
[BlackTeamCountry "HUN"]

1. e4 c5 2. b4 cxb4 3. a3 d5 4. exd5 Nf6 5. Bb2 Nxd5 6. Bc4 Nc6 7. Qf3 Nf6 8. Ne2 Bg4 9. Qb3 e6 10. axb4 Bd6 11. b5 Ne5 12. d4 Ng6 13. f3 Bf5 14. b6 1/2-1/2

[Event "HUN-chT2 Szechenyi 0607"]
[Site "Hungary"]
[Date "2007.05.20"]
[Round "11"]
[White "Marton, Gabriella"]
[Black "Pram, Imre"]
[Result "1/2-1/2"]
[WhiteElo "2115"]
[BlackElo "2096"]
[PlyCount "68"]
[EventDate "2006.11.12"]
[EventType "team"]
[EventRounds "11"]
[EventCountry "HUN"]
[SourceTitle "EXT 2008"]
[Source "ChessBase"]
[SourceDate "2007.11.25"]
[SourceVersion "1"]
[SourceVersionDate "2007.11.25"]
[SourceQuality "1"]
[WhiteTeam "Arboretum"]
[BlackTeam "Gyor Komszomol"]
[WhiteTeamCountry "HUN"]
[BlackTeamCountry "HUN"]

1. d4 Nf6 2. c4 g6 3. Nc3 Bg7 4. e4 d6 5. Be2 0-0 6. Bg5 Nbd7 7. h3 e5 8. d5 h6 9. Be3 a5 10. Nf3 Qe7 11. Qd2 Kh7 12. Qc2 Nh5 13. g3 Nc5 14. Nd2 Nf6 15. 0-0-0 Na6 16. a3 Nd7 17. h4 Ndc5 18. h5 g5 19. Nb3 Nxb3+ 20. Qxb3 b6 21. Qc2 Bd7 22. Rdf1 Nc5 23. f4 gxf4 24. gxf4 f5 25. fxe5 Nxe4 26. Nxe4 Qxe5 27. Ng5+ hxg5 28. Bxg5 c6 29. Bf4 Bh6 30. Bxh6 Kxh6 31. dxc6 Bxc6 32. Rhg1 Qe3+ 33. Qd2 Qxd2+ 34. Kxd2 Rf6 1/2-1/2

[Event "HUN-chT2 Szechenyi 0607"]
[Site "Hungary"]
[Date "2007.05.06"]
[Round "10"]
[White "Szeles, Karoly"]
[Black "Pram, Imre"]
[Result "1-0"]
[WhiteElo "2278"]
[BlackElo "2096"]
[PlyCount "91"]
[EventDate "2006.11.12"]
[EventType "team"]
[EventRounds "11"]
[EventCountry "HUN"]
[SourceTitle "EXT 2008"]
[Source "ChessBase"]
[SourceDate "2007.11.25"]
[SourceVersion "1"]
[SourceVersionDate "2007.11.25"]
[SourceQuality "1"]
[WhiteTeam "Zala Volan"]
[BlackTeam "Gyor Komszomol"]
[WhiteTeamCountry "HUN"]
[BlackTeamCountry "HUN"]

1. d4 Nf6 2. c4 g6 3. Nc3 Bg7 4. e4 d6 5. f4 0-0 6. Be2 e5 7. fxe5 dxe5 8. d5 c6 9. Be3 Qa5 10. Qd2 Ng4 11. Bxg4 Bxg4 12. h3 Bc8 13. Nf3 f5 14. 0-0 f4 15. Bf2 Qd8 16. Rad1 g5 17. dxc6 Qe8 18. cxb7 Bxb7 19. Nxg5 Qg6 20. Nf3 Bxe4 21. Nh4 Qc6 22. Rfe1 Bg6 23. Nd5 Kh8 24. Nxg6+ Qxg6 25. Qd3 Qf7 26. Qe4 Nd7 27. c5 Rac8 28. b4 a6 29. a4 Rc6 30. Nb6 Rc7 31. Nxd7 Rxd7 32. c6 Rc7 33. b5 axb5 34. axb5 Qe6 35. Qd5 Qf5 36. b6 Rcf7 37. Bc5 Rg8 38. Bd6 f3 39. Qxf3 Qxf3 40. gxf3 Rxf3 41. Re2 Bh6+ 42. Rg2 Be3+ 43. Kh1 Rxh3+ 44. Rh2 Rxh2+ 45. Kxh2 Bf4+ 46. Kh1 1-0

[Event "HUN-chT2 Szechenyi 0607"]
[Site "Hungary"]
[Date "2007.04.15"]
[Round "8"]
[White "Pram, Imre"]
[Black "Magyar, Andras"]
[Result "0-1"]
[WhiteElo "2096"]
[BlackElo "2174"]
[PlyCount "60"]
[EventDate "2006.11.12"]
[EventType "team"]
[EventRounds "11"]
[EventCountry "HUN"]
[SourceTitle "EXT 2008"]
[Source "ChessBase"]
[SourceDate "2007.11.25"]
[SourceVersion "1"]
[SourceVersionDate "2007.11.25"]
[SourceQuality "1"]
[WhiteTeam "Gyor Komszomol"]
[BlackTeam "Haladas II"]
[WhiteTeamCountry "HUN"]
[BlackTeamCountry "HUN"]

1. e4 c5 2. b4 cxb4 3. d4 d5 4. e5 Nc6 5. a3 Qb6 6. Be3 Bf5 7. Bd3 Bxd3 8. Qxd3 e6 9. Ne2 Nge7 10. 0-0 Nf5 11. Nd2 Be7 12. Nf3 Nxe3 13. fxe3 bxa3 14. c3 Na5 15. e4 Qc6 16. exd5 Qxd5 17. Nd2 Rc8 18. Nf4 Qc6 19. Nh5 g6 20. Rf3 gxh5 21. Raf1 a2 22. Qc2 Qd5 23. Qa4+ Nc6 24. Rxf7 Rg8 25. R7f2 Kd7 26. Nf3 b5 27. Qc2 Rg7 28. Ra1 Rf8 29. Kf1 Qc4+ 30. Kg1 b4 0-1

[Event "HUN-chT2 Szechenyi 0607"]
[Site "Hungary"]
[Date "2007.03.04"]
[Round "6"]
[White "Horvath, Imre"]
[Black "Pram, Imre"]
[Result "1-0"]
[WhiteElo "2301"]
[BlackElo "2096"]
[PlyCount "71"]
[EventDate "2006.11.12"]
[EventType "team"]
[EventRounds "11"]
[EventCountry "HUN"]
[SourceTitle "EXT 2008"]
[Source "ChessBase"]
[SourceDate "2007.11.25"]
[SourceVersion "1"]
[SourceVersionDate "2007.11.25"]
[SourceQuality "1"]
[WhiteTeam "Khelyi Spartacus"]
[BlackTeam "Gyor Komszomol"]
[WhiteTeamCountry "HUN"]
[BlackTeamCountry "HUN"]

1. e4 e5 2. Nf3 Nf6 3. Nc3 Nc6 4. Bb5 Nd4 5. Nxd4 exd4 6. e5 dxc3 7. exf6 Qxf6 8. dxc3 Qe5+ 9. Qe2 Qxe2+ 10. Kxe2 c6 11. Bd3 d5 12. Re1 Be6 13. f4 f5 14. Be3 Bd6 15. Kf3 Kf7 16. Bd4 Rhg8 17. c4 g5 18. Rxe6 Kxe6 19. Re1+ Kf7 20. Bxf5 Rae8 21. Rxe8 Kxe8 22. cxd5 cxd5 23. Bxh7 Rf8 24. f5 Kd7 25. Bg6 a6 26. g3 Be7 27. Kg4 b5 28. h4 gxh4 29. gxh4 Bf6 30. Bxf6 Rxf6 31. h5 Ke7 32. h6 Rf8 33. Kg5 a5 34. h7 d4 35. f6+ Ke6 36. Bd3 1-0

[Event "HUN-chT2 Szechenyi 0607"]
[Site "Hungary"]
[Date "2007.02.18"]
[Round "5"]
[White "Pram, Imre"]
[Black "Babocs, Gyula"]
[Result "1-0"]
[WhiteElo "2096"]
[BlackElo "2052"]
[PlyCount "79"]
[EventDate "2006.11.12"]
[EventType "team"]
[EventRounds "11"]
[EventCountry "HUN"]
[SourceTitle "EXT 2008"]
[Source "ChessBase"]
[SourceDate "2007.11.25"]
[SourceVersion "1"]
[SourceVersionDate "2007.11.25"]
[SourceQuality "1"]
[WhiteTeam "Gyor Komszomol"]
[BlackTeam "Tapolca Varju"]
[WhiteTeamCountry "HUN"]
[BlackTeamCountry "HUN"]

1. e4 c5 2. d4 cxd4 3. c3 d5 4. Qxd4 Nc6 5. Qxd5 Qc7 6. Nd2 Nf6 7. Qb3 Be6 8. Qa4 Bd7 9. Ngf3 Ne5 10. Qc2 Bc6 11. Nxe5 Qxe5 12. f3 Qc7 13. Nb3 e5 14. Be3 Rd8 15. Qf2 b6 16. a4 Be7 17. a5 Nd7 18. Be2 0-0 19. 0-0 Rfe8 20. Kh1 bxa5 21. Nxa5 Nb6 22. Nxc6 Qxc6 23. Rxa7 Nc4 24. Bxc4 Qxc4 25. Rfa1 h6 26. R7a5 Bf8 27. h3 Rd3 28. Ra8 Qc6 29. Rxe8 Qxe8 30. Qe2 Qd8 31. Kh2 Kh7 32. Ra7 f5 33. exf5 e4 34. f4 Bd6 35. Qg4 Qf6 36. Bd4 Rxd4 37. cxd4 Qxd4 38. Qg6+ Kg8 39. Ra8+ Bf8 40. Qe6+ 1-0

[Event "HUN-chT2 Szechenyi 0607"]
[Site "Hungary"]
[Date "2006.11.26"]
[Round "2"]
[White "Pram, Imre"]
[Black "Rako, Istvan"]
[Result "1/2-1/2"]
[WhiteElo "2096"]
[BlackElo "2142"]
[PlyCount "29"]
[EventDate "2006.11.12"]
[EventType "team"]
[EventRounds "11"]
[EventCountry "HUN"]
[SourceTitle "EXT 2008"]
[Source "ChessBase"]
[SourceDate "2007.11.25"]
[SourceVersion "1"]
[SourceVersionDate "2007.11.25"]
[SourceQuality "1"]
[WhiteTeam "Gyor Komszomol"]
[BlackTeam "Flesch"]
[WhiteTeamCountry "HUN"]
[BlackTeamCountry "HUN"]

1. e4 e5 2. Nf3 Nc6 3. d4 exd4 4. Bc4 Nf6 5. 0-0 Be7 6. Nxd4 0-0 7. Nc3 d6 8. f4 Nxe4 9. Bxf7+ Rxf7 10. Nxe4 Nxd4 11. Qxd4 d5 12. Ng5 Bxg5 13. fxg5 Rxf1+ 14. Kxf1 Bf5 15. Bf4 1/2-1/2

[Event "HUN-chT2 Szechenyi 0506"]
[Site "Hungary"]
[Date "2006.04.23"]
[Round "11"]
[White "Pram, Imre"]
[Black "Tamas, Gyorgy"]
[Result "1/2-1/2"]
[WhiteElo "2104"]
[BlackElo "2174"]
[PlyCount "50"]
[EventDate "2005.10.16"]
[EventType "team"]
[EventRounds "11"]
[EventCountry "HUN"]
[SourceTitle "EXT 2009"]
[Source "ChessBase"]
[SourceDate "2008.11.26"]
[SourceVersion "1"]
[SourceVersionDate "2008.11.26"]
[SourceQuality "1"]
[WhiteTeam "Gyor Komszomol"]
[BlackTeam "Zala Volan"]
[WhiteTeamCountry "HUN"]
[BlackTeamCountry "HUN"]

1. e4 c5 2. b4 cxb4 3. d4 d5 4. e5 Bf5 5. Bd3 Bxd3 6. Qxd3 Nc6 7. a3 e6 8. Ne2 Qb6 9. 0-0 Rc8 10. Kh1 Nge7 11. Nd2 Nf5 12. Nf3 bxa3 13. c3 h5 14. Bxa3 Bxa3 15. Rxa3 Qc7 16. Nf4 b6 17. Nxd5 exd5 18. Qxf5 Qd7 19. Qd3 Rh6 20. Ra2 Kf8 21. Ng5 Ne7 22. f4 Rhc6 23. Qh7 Rh6 24. Qd3 Rhc6 25. Qh7 Rh6 1/2-1/2

[Event "HUN-chT2 Szechenyi 0506"]
[Site "Hungary"]
[Date "2006.02.26"]
[Round "8"]
[White "Pram, Imre"]
[Black "Tako, Helga"]
[Result "1/2-1/2"]
[WhiteElo "2104"]
[BlackElo "2085"]
[PlyCount "78"]
[EventDate "2005.10.16"]
[EventType "team"]
[EventRounds "11"]
[EventCountry "HUN"]
[SourceTitle "EXT 2009"]
[Source "ChessBase"]
[SourceDate "2008.11.26"]
[SourceVersion "1"]
[SourceVersionDate "2008.11.26"]
[SourceQuality "1"]
[WhiteTeam "Gyor Komszomol"]
[BlackTeam "Arboretum"]
[WhiteTeamCountry "HUN"]
[BlackTeamCountry "HUN"]

1. e4 e5 2. Nf3 Nc6 3. d4 exd4 4. Bc4 Nf6 5. 0-0 d6 6. Nxd4 Nxd4 7. Qxd4 Be7 8. Nc3 0-0 9. Bf4 Bd7 10. Rad1 Bc6 11. e5 dxe5 12. Qxe5 Bd6 13. Qg5 Bxf4 14. Qxf4 Qc8 15. h3 Rd8 16. b4 Be8 17. Ne2 c6 18. Ng3 Qb8 19. Qg5 h6 20. Qf5 Rxd1 21. Rxd1 Qc7 22. Qd3 Qd7 23. Qe2 Qc7 24. Bb3 Rd8 25. c4 Rxd1+ 26. Qxd1 Qe5 27. Qd2 c5 28. a4 Qa1+ 29. Kh2 Bxa4 30. Qd8+ Be8 31. bxc5 Qa3 32. Ne4 Qxb3 33. Nxf6+ gxf6 34. Qxe8+ Kg7 35. Qe4 Qb4 36. Qg4+ Kh7 37. Qf5+ Kg7 38. Qg4+ Kh7 39. Qe4+ Kg7 1/2-1/2

[Event "HUN-chT2 Szechenyi 0304"]
[Site "Hungary"]
[Date "2004.03.21"]
[Round "9"]
[White "Mihalyfi, Gabor"]
[Black "Pram, Imre"]
[Result "0-1"]
[WhiteElo "2143"]
[BlackElo "2049"]
[PlyCount "78"]
[EventDate "2003.09.28"]
[EventType "team"]
[EventRounds "11"]
[EventCountry "HUN"]
[SourceTitle "EXT 2009"]
[Source "ChessBase"]
[SourceDate "2008.11.26"]
[SourceVersion "1"]
[SourceVersionDate "2008.11.26"]
[SourceQuality "1"]
[WhiteTeam "Ajka Banyasz"]
[BlackTeam "Gyor Vizugy"]
[WhiteTeamCountry "HUN"]
[BlackTeamCountry "HUN"]

1. e4 c5 2. Nf3 e6 3. c3 d5 4. Bb5+ Bd7 5. Qe2 Bxb5 6. Qxb5+ Qd7 7. Qe2 Nc6 8. e5 c4 9. 0-0 h5 10. d4 Rb8 11. b3 b5 12. bxc4 bxc4 13. Qc2 Nh6 14. Bf4 Nf5 15. Nbd2 Be7 16. h3 g6 17. Rfe1 Kf8 18. Nf1 Rb6 19. Rab1 Kg7 20. Rxb6 axb6 21. Ne3 Nxe3 22. Rxe3 b5 23. h4 b4 24. Ng5 bxc3 25. Nf3 Qa7 26. Qxc3 Qxa2 27. Bg5 Bxg5 28. Nxg5 Ne7 29. Re1 Nf5 30. g3 Qb3 31. Qa5 Qb7 32. Qa1 Ra8 33. Qd1 Qb3 34. Qd2 Ra2 35. Qf4 Qc3 36. Nf3 Qc2 37. Rf1 Qe2 38. g4 hxg4 39. Qxg4 Ra3 0-1

[Event "HUN-chT2 Szechenyi 0304"]
[Site "Hungary"]
[Date "2003.11.16"]
[Round "3"]
[White "Papp, Albert"]
[Black "Pram, Imre"]
[Result "1/2-1/2"]
[WhiteElo "2074"]
[BlackElo "2049"]
[PlyCount "64"]
[EventDate "2003.09.28"]
[EventType "team"]
[EventRounds "11"]
[EventCountry "HUN"]
[SourceTitle "EXT 2009"]
[Source "ChessBase"]
[SourceDate "2008.11.26"]
[SourceVersion "1"]
[SourceVersionDate "2008.11.26"]
[SourceQuality "1"]
[WhiteTeam "Flesch"]
[BlackTeam "Gyor Vizugy"]
[WhiteTeamCountry "HUN"]
[BlackTeamCountry "HUN"]

1. d4 Nf6 2. c4 e6 3. Nf3 b6 4. g3 Ba6 5. Qc2 Bb4+ 6. Bd2 Be7 7. Bg2 c6 8. 0-0 0-0 9. Rc1 d5 10. cxd5 cxd5 11. Nc3 Bb7 12. Ne5 Nc6 13. Nxc6 Bxc6 14. Bf4 Bd6 15. Bxd6 Qxd6 16. Ne4 Nxe4 17. Qxc6 Qb4 18. Bxe4 dxe4 19. Qc3 Qb5 20. e3 g6 21. a4 Qd5 22. Qc4 Rfc8 23. Qxd5 exd5 24. b4 Rc4 25. Rxc4 dxc4 26. Rc1 Rc8 27. Rc3 f5 28. Kf1 Kf7 29. Ke2 Ke6 30. Kd2 a6 31. b5 Kd5 32. Ra3 a5 1/2-1/2

[Event "HUN-chT2 Szechenyi 0203"]
[Site "Hungary"]
[Date "2003.03.02"]
[Round "8"]
[White "Pram, Imre"]
[Black "Tako, Annamaria"]
[Result "1-0"]
[WhiteElo "2050"]
[BlackElo "1867"]
[PlyCount "87"]
[EventDate "2002.09.22"]
[EventType "team"]
[EventRounds "11"]
[EventCountry "HUN"]
[SourceTitle "EXT 2009"]
[Source "ChessBase"]
[SourceDate "2008.11.26"]
[SourceVersion "1"]
[SourceVersionDate "2008.11.26"]
[SourceQuality "1"]

1. e4 e5 2. Nf3 Nc6 3. d4 exd4 4. Bc4 h6 5. 0-0 Bc5 6. c3 d6 7. cxd4 Bb6 8. Qb3 Qe7 9. e5 dxe5 10. Nxe5 Nxe5 11. dxe5 c6 12. Be3 Bc7 13. f4 b5 14. Be2 Be6 15. Qc2 Bd5 16. Nc3 Qd7 17. Nxd5 cxd5 18. Bxb5 Qxb5 19. Qxc7 Qd7 20. Rac1 Ne7 21. Rfd1 a6 22. Qb6 Qd8 23. Rc7 Rb8 24. Qa7 Rc8 25. Rdc1 Rxc7 26. Rxc7 d4 27. Bxd4 Nf5 28. Rb7 0-0 29. Rd7 Qa5 30. Bc3 Qxa2 31. Qf2 Qa4 32. Qd2 g6 33. h3 Qc6 34. Qd5 Qb6+ 35. Kh2 Qf2 36. Qd2 Qc5 37. Bb4 Qb5 38. Bxf8 Kxf8 39. Qd5 Qxd5 40. Rxd5 Ke8 41. Ra5 Kd7 42. Rxa6 h5 43. g4 hxg4 44. hxg4 1-0

[Event "HUN-chT2 Szechenyi 0203"]
[Site "Hungary"]
[Date "2003.02.16"]
[Round "7"]
[White "Pram, Imre"]
[Black "Bencsura, Barnabas"]
[Result "1/2-1/2"]
[WhiteElo "2050"]
[BlackElo "2134"]
[PlyCount "76"]
[EventDate "2002.09.22"]
[EventType "team"]
[EventRounds "11"]
[EventCountry "HUN"]
[SourceTitle "EXT 2009"]
[Source "ChessBase"]
[SourceDate "2008.11.26"]
[SourceVersion "1"]
[SourceVersionDate "2008.11.26"]
[SourceQuality "1"]

1. e4 c5 2. Nf3 e6 3. g3 Nc6 4. Bg2 g6 5. 0-0 Bg7 6. d3 Nge7 7. c3 d5 8. Qe2 0-0 9. Na3 a6 10. Bg5 Qc7 11. Rac1 b5 12. Qe3 Qa7 13. Bh6 Bd7 14. Bxg7 Kxg7 15. Nc2 Rae8 16. h4 a5 17. Nh2 f5 18. e5 d4 19. cxd4 cxd4 20. Qf4 Qb6 21. Rfe1 Rd8 22. Re2 h6 23. Bf3 a4 24. a3 b4 25. Nxb4 Nxb4 26. axb4 Qxb4 27. Rc4 Qb3 28. Rxd4 Bb5 29. Rd2 Nc6 30. Rxd8 Rxd8 31. Bxc6 Bxc6 32. Qe3 Qd5 33. f3 Bb5 34. d4 Qc4 35. Kf2 Qc1 36. Qe1 Qc4 37. Qe3 Qc1 38. Qe1 Qc4 1/2-1/2